| 000 | 01404nam a22003857a 4500 | ||
|---|---|---|---|
| 003 | CHAP | ||
| 005 | 20220329134517.0 | ||
| 008 | 971013s1979 r 00010 d | ||
| 010 | _a21383 | ||
| 011 | _a22355 | ||
| 035 | _a26450 | ||
| 040 | _cCHAP | ||
| 082 |
_a581.1 _bB53 1979 |
||
| 100 | 0 | 0 |
_aBidwell, Roger Grafton Shelford. _912624 |
| 245 | _aPlant physiology | ||
| 250 | _a2 ed. | ||
| 260 |
_aNew York : _bMacmillan, _c1979 |
||
| 300 |
_a726 p. _b: ilus. |
||
| 490 | _aMacmillan biology series | ||
| 590 |
_aBATCH-UPD _b10 _c20130110 _lUCH01 _h0148 |
||
| 590 |
_aBATCH-UPD _b10 _c20130110 _lUCH01 _h1647 |
||
| 590 |
_aBATCH-UPD _b10 _c20130410 _lUCH01 _h1037 |
||
| 590 |
_aBATCH-UPD _b10 _c20130914 _lUCH01 _h0626 |
||
| 590 |
_aCONVERSION _b10 _c20130109 _lUCH01 _h1313 |
||
| 650 | 1 | 4 |
_aFisiologĂa vegetal. _941136 |
| 830 | 0 |
_aMacmillan biology series _969477 |
|
| 901 | _aBK | ||
| 942 | _cLIBRO | ||
| 949 |
_a581.1 B53 1979 _bBC _cLIBRO _d-153217 _eLIBRO _i26450 _si |
||
| 949 |
_a581.1 B53 1979 _bBC _cLIBRO _d33724000512018 _eLIBRO _fc.4 _h50819 _i26450 _si |
||
| 949 |
_a581.1 B53 1979 _bBC _cLIBRO _d33724000521811 _eLIBRO _fc.2 _h50817 _i26450 _si |
||
| 949 |
_a581.1 B53 1979 _bBC _cLIBRO _d33724000523510 _eLIBRO _fc.6 _h61737 _i26450 _si |
||
| 949 |
_a581.1 B53 1979 _bBC _cLIBRO _d33724000523528 _eLIBRO _fc.5 _h50820 _i26450 _si |
||
| 949 |
_a581.1 B53 1979 _bBC _cLIBRO _d33724002204347 _eLIBRO _fc.3 _h50818 _i26450 _si |
||
| 999 |
_c21383 _d21383 |
||